000 00807nam a2200265Ia 4500
003 OSt
005 20221005083827.0
006 a|||||r|||| 00| 0
007 ta
008 221004b |||||||| |||| 00| 0 eng d
020 _a8188965359 (hbk)
_c300
024 _a104112
037 _b899, 27/01/2011, Bookwell
_cTextual
040 _aCRL
_cCRL
_beng
041 _2eng
_aeng
082 _aY15:45:5.2, P7
100 _aKannabiran Kalpana
245 0 _aFrom Mathura to manorama
_b Resisting violence against women in India
260 _aNew Delhi
_bWomen Unlimited India
_c2007
300 _a201p.
_ccm.
650 _aSOCIOLOGY
700 _a Menon Ritu
942 _hY15:45:5.2, P7
_cTEXL
_2cc
999 _c991623
_d991623